'79 Japan

שמור ב:
מידע ביבליוגרפי
פורמט: ספר
שפה:Undetermined
יצא לאור: Tokyo Statistics Bureau Prime Minister's Office 1971
נושאים:
תגים: הוספת תג
אין תגיות, היה/י הראשונ/ה לתייג את הרשומה!
Thư viện lưu trữ: Trung tâm Học liệu Trường Đại học Cần Thơ
LEADER 00406nam a2200157Ia 4500
001 CTU_79329
008 210402s9999 xx 000 0 und d
082 |a 362 
082 |b S497 
245 0 |a '79 Japan 
260 |a Tokyo 
260 |b Statistics Bureau Prime Minister's Office 
260 |c 1971 
650 |a Social security 
650 |z Japan 
980 |a Trung tâm Học liệu Trường Đại học Cần Thơ